[Event "Kronborg Chess Open IM 2026"]
[Site "Helsingor"]
[Date "2026.05.15"]
[Round "5.7"]
[White "Vandenhole, Kobe"]
[Black "Fuhrmann, Bahne"]
[Result "1/2-1/2"]
[WhiteElo "2342"]
[BlackElo "2254"]
[WhiteFideId "268844"]
[BlackFideId "16244842"]
[EventDate "2026.05.13"]
[EventType "tourn"]
[EventRounds "9"]
[EventCountry "DEN"]
[SourceTitle "Live v Helsingor Chess Club"]

1. e4 e6 2. d4 d5 3. exd5 exd5 4. Nf3 g6 5. Bd3 Qe7+ 6. Be2 Bg7 7. O-O Nf6 8. b3 Qd8 9. Ba3 Bf8 10. Bb2 Bd6 11. c4 c6 12. Bd3 O-O 13. Qc2 Re8 14. Nbd2 Na6 15. a3 Nc7 16. c5 Bf4 17. Rfe1 Ne6 18. Nf1 Ng7 19. Rxe8+ Qxe8 20. Re1 Qf8 21. Ng3 Nfh5 22. Nxh5 Nxh5 23. g3 Bh6 24. Kg2 Be6 25. Bc1 Re8 26. Be3 Re7 27. Bxh6 Qxh6 28. Qc1 Bh3+ 29. Kg1 Qxc1 30. Rxc1 Ng7 1/2-1/2

[Event "Kronborg Chess Open IM 2026"]
[Site "Helsingor"]
[Date "2026.05.15"]
[Round "5.8"]
[White "Lucas, Arthur"]
[Black "Strom Engdahl, Alexander"]
[Result "1/2-1/2"]
[WhiteElo "2329"]
[BlackElo "2308"]
[WhiteFideId "26093073"]
[BlackFideId "1741586"]
[EventDate "2026.05.13"]
[EventType "tourn"]
[EventRounds "9"]
[EventCountry "DEN"]
[SourceTitle "Live v Helsingor Chess Club"]

1. e4 d6 2. d4 Nf6 3. Nc3 e5 4. Nf3 Nbd7 5. g3 c6 6. a4 Be7 7. Bg2 O-O 8. O-O Qc7 9. h3 b6 10. Be3 Bb7 11. g4 h6 12. Nh4 Rfe8 13. Nf5 Bf8 14. d5 a6 15. h4 cxd5 16. exd5 Qc4 17. g5 hxg5 18. hxg5 Qg4 19. Qxg4 Nxg4 20. Bd2 e4 21. Bxe4 g6 22. Ne3 Nxe3 23. Bxe3 Bg7 24. Bg2 Nc5 25. Ra3 Rac8 26. b4 Bxc3 27. bxc5 Bb4 28. cxd6 Bxd6 29. Rb3 b5 30. axb5 axb5 31. Bd4 Be5 32. d6 Bxg2 33. d7 Bxf1 34. Bxe5 Be2 35. Rh3 Bh5 36. Rc3 Bg4 37. dxe8=Q+ Rxe8 38. f4 Rc8 39. Rg3 Bf5 40. c3 Kf8 41. Bf6 Rc4 42. Rg2 Ra4 43. Rd2 Ra8 44. Kf2 Be6 45. Ke3 Ke8 46. Rd6 Rc8 47. Rb6 Bc4 48. Rb7 Kf8 49. Kd2 Re8 50. Be5 Rd8+ 51. Kc2 Ra8 52. Kd2 Rd8+ 53. Bd4 Ke8 54. Ke3 Rd7 55. Rxd7 Kxd7 56. Be5 Ke6 57. Bd4 Kd7 58. Be5 Ke6 59. Bd4 Kd7 60. Ke4 1/2-1/2

[Event "Kronborg Chess Open IM 2026"]
[Site "Helsingor"]
[Date "2026.05.15"]
[Round "5.9"]
[White "Sandberg, Lucas"]
[Black "Falkevall, Axel"]
[Result "1/2-1/2"]
[WhiteElo "2325"]
[BlackElo "2371"]
[WhiteFideId "1773712"]
[BlackFideId "1735560"]
[EventDate "2026.05.13"]
[EventType "tourn"]
[EventRounds "9"]
[EventCountry "DEN"]
[SourceTitle "Live v Helsingor Chess Club"]

1. c4 Nf6 2. Nc3 g6 3. g3 Bg7 4. Bg2 O-O 5. Nf3 d6 6. O-O c5 7. d4 Nc6 8. d5 Na5 9. Nd2 e6 10. Rb1 exd5 11. cxd5 Bd7 12. b4 cxb4 13. Rxb4 Rc8 14. Bb2 Ng4 15. Qa1 f5 16. Nb5 Bxb2 17. Qxb2 Bxb5 18. Rxb5 a6 19. Rb6 Rc5 20. Qb4 Rf7 21. Nb3 Nxb3 22. Qxb3 Qc7 23. e4 fxe4 24. Bh3 h5 25. Bxg4 hxg4 26. Rb4 Rc3 27. Qd1 Rc4 28. Rxc4 Qxc4 29. Qxg4 Kg7 30. Qe6 Qd4 31. Kg2 Rf6 32. Qe7+ Kh6 33. h4 Rf5 34. g4 Qd3 35. gxf5 Qf3+ 36. Kg1 Qg4+ 37. Kh2 Qf4+ 38. Kg1 1/2-1/2

[Event "Kronborg Chess Open IM 2026"]
[Site "Helsingor"]
[Date "2026.05.15"]
[Round "5.10"]
[White "Kotyk, Michael"]
[Black "Vantorre, Nils"]
[Result "1/2-1/2"]
[WhiteElo "2240"]
[BlackElo "2238"]
[WhiteFideId "16214501"]
[BlackFideId "258474"]
[EventDate "2026.05.13"]
[EventType "tourn"]
[EventRounds "9"]
[EventCountry "DEN"]
[SourceTitle "Live v Helsingor Chess Club"]

1. d4 Nf6 2. c4 e6 3. Nc3 Bb4 4. e3 O-O 5. Bd2 c5 6. Bd3 d5 7. cxd5 cxd4 8. exd4 Nxd5 9. Nf3 Nc6 10. O-O Be7 11. a3 Bf6 12. Qc2 g6 13. Rad1 Nxc3 14. Bxc3 Ne7 15. Ne5 Nd5 16. Bd2 Bg7 17. Be4 Qd6 18. Qb3 b6 19. Rfe1 Bb7 20. Qh3 Rfc8 21. Bh6 Bh8 22. Rd3 Bxe5 23. dxe5 Qxe5 24. Bd2 Qg7 25. Bxd5 Bxd5 26. Bc3 f6 27. Qg3 Qf7 28. Red1 Rc4 29. h4 h5 30. f3 Rac8 31. R1d2 Kg7 32. Qf2 Qd7 33. Qe1 a5 34. Qf2 Qc7 35. Rd4 Rxd4 36. Bxd4 b5 37. Bc3 a4 38. Rd4 Qc5 39. Bb4 Qc1+ 40. Kh2 Rc2 41. Bd2 Qxb2 42. Qe3 Kf7 43. f4 Qb3 44. Rd3 Qc4 45. Rd4 Qc7 46. Kh3 Rc4 47. Bb4 Qb7 48. Rd2 Qd7 49. Kh2 Rc8 50. Qd4 Qc7 51. Qe3 Qc4 52. Qa7+ Kg8 53. Qe3 Qe4 54. Qf2 Rc1 55. Re2 Qf5 56. Be1 Rc4 57. Qb6 Qg4 58. Qd8+ Kg7 59. Qe7+ Kg8 60. Qe8+ Kg7 61. Qe7+ Kg8 1/2-1/2

[Event "Kronborg Chess Open IM 2026"]
[Site "Helsingor"]
[Date "2026.05.16"]
[Round "6.6"]
[White "Ragnarsson, Dagur"]
[Black "Sandberg, Lucas"]
[Result "1-0"]
[WhiteElo "2391"]
[BlackElo "2325"]
[WhiteFideId "2304058"]
[BlackFideId "1773712"]
[EventDate "2026.05.13"]
[EventType "tourn"]
[EventRounds "9"]
[EventCountry "DEN"]
[SourceTitle "Live v Helsingor Chess Club"]

1. d4 g6 2. c4 Bg7 3. Nc3 c5 4. d5 Bxc3+ 5. bxc3 e5 6. Qa4 Kf8 7. e4 d6 8. Nf3 Qe7 9. Qc2 f5 10. g3 Nf6 11. exf5 Bxf5 12. Qd2 h6 13. Nh4 Nbd7 14. Bh3 Qh7 15. Bxf5 gxf5 16. Qc2 f4 17. Qxh7 Rxh7 18. gxf4 Kf7 19. Rb1 Rb8 20. Nf5 Ne8 21. Ke2 h5 22. h4 Kg6 23. Ng3 exf4 24. Bxf4 Rf7 25. Be3 Nef6 26. Rhg1 Ng4 27. Ne4 Re7 28. f3 b6 29. Bf4 Rbe8 30. Kd3 Rf8 31. fxg4 Rxf4 32. gxh5+ Kxh5 33. Rbe1 Ne5+ 34. Kc2 Rxh4 35. Nf6+ 1-0

[Event "Kronborg Chess Open IM 2026"]
[Site "Helsingor"]
[Date "2026.05.16"]
[Round "6.7"]
[White "Fuhrmann, Bahne"]
[Black "Jalving, August"]
[Result "0-1"]
[WhiteElo "2254"]
[BlackElo "2296"]
[WhiteFideId "16244842"]
[BlackFideId "1471759"]
[EventDate "2026.05.13"]
[EventType "tourn"]
[EventRounds "9"]
[EventCountry "DEN"]
[SourceTitle "Live v Helsingor Chess Club"]

1. d4 Nf6 2. g3 d5 3. Nf3 g6 4. Bg2 Bg7 5. O-O O-O 6. c4 c6 7. a4 Bf5 8. Nc3 dxc4 9. a5 Na6 10. Qa4 Be6 11. e4 Nc7 12. Bf4 Nb5 13. Ng5 Bd7 14. Qxc4 Nxc3 15. bxc3 h6 16. Nh3 Qc8 17. g4 Bxg4 18. Qd3 Nxe4 19. Bxe4 Bxh3 20. Rfb1 Be6 21. Rb2 Bd5 22. Bxd5 cxd5 23. Rab1 g5 24. Bg3 b6 25. axb6 axb6 26. Rxb6 Ra3 27. R6b3 Rxb3 28. Rxb3 h5 29. Rb8 Qe6 30. Rb2 h4 31. Bc7 Rc8 32. Rb8 Rxb8 33. Bxb8 Qb6 34. Be5 f6 35. Qg6 Kf8 36. h3 Qb2 37. Bc7 Qxc3 38. Bd8 Qe1+ 39. Kg2 Qe4+ 0-1

[Event "Kronborg Chess Open IM 2026"]
[Site "Helsingor"]
[Date "2026.05.16"]
[Round "6.8"]
[White "Lucas, Arthur"]
[Black "Vandenhole, Kobe"]
[Result "1-0"]
[WhiteElo "2329"]
[BlackElo "2342"]
[WhiteFideId "26093073"]
[BlackFideId "268844"]
[EventDate "2026.05.13"]
[EventType "tourn"]
[EventRounds "9"]
[EventCountry "DEN"]
[SourceTitle "Live v Helsingor Chess Club"]

1. e4 e6 2. d4 d5 3. Nc3 Nf6 4. Bg5 dxe4 5. Nxe4 Bd7 6. Nxf6+ gxf6 7. Be3 Bc6 8. Qd2 f5 9. Ne2 Nd7 10. Nf4 Nf6 11. Bc4 Qe7 12. O-O-O O-O-O 13. Qa5 Qb4 14. Qxb4 Bxb4 15. Nd3 Be7 16. Ne5 Be8 17. f3 Nd5 18. Bh6 Rg8 19. g3 Bf6 20. Rhe1 Ne7 21. c3 Nc6 22. f4 Nxe5 23. fxe5 Bg5+ 24. Bxg5 Rxg5 25. Rf1 Bc6 26. Be2 Rg6 27. Rd2 f6 28. exf6 Rxf6 29. Bd3 Rh6 30. Re2 Kd7 31. Rff2 Kd6 32. Kd2 Rg8 33. c4 Rg4 34. Kc3 Rf6 35. b4 a6 36. d5 Bd7 37. c5+ Kxd5 38. Rd2 Kc6 39. Be2 Re4 40. Bf3 Rh6 41. Rfe2 a5 42. Bxe4+ fxe4 43. b5+ 1-0

[Event "Kronborg Chess Open IM 2026"]
[Site "Helsingor"]
[Date "2026.05.16"]
[Round "6.9"]
[White "Falkevall, Axel"]
[Black "Kotyk, Michael"]
[Result "0-1"]
[WhiteElo "2371"]
[BlackElo "2240"]
[WhiteFideId "1735560"]
[BlackFideId "16214501"]
[EventDate "2026.05.13"]
[EventType "tourn"]
[EventRounds "9"]
[EventCountry "DEN"]
[SourceTitle "Live v Helsingor Chess Club"]

1. g3 d5 2. c4 e6 3. cxd5 exd5 4. Bg2 Nf6 5. Nf3 Be7 6. O-O O-O 7. b3 Bf5 8. Bb2 h6 9. d3 c5 10. d4 Nc6 11. Nc3 Rc8 12. dxc5 Bxc5 13. Nb5 Be4 14. Nbd4 Re8 15. e3 Nb4 16. Ne1 Qd7 17. a3 Nc6 18. Nef3 a6 19. Rc1 Nxd4 20. Nxd4 Bxg2 21. Kxg2 Ne4 22. Qd3 Ba7 23. Rxc8 Rxc8 24. Ne2 Qf5 25. Nf4 Rd8 26. Qe2 Bb8 27. Rd1 Bxf4 28. exf4 Nc5 29. b4 Ne6 30. Qe5 Qc2 31. Rc1 Qe4+ 32. f3 Qxe5 33. fxe5 g5 34. Kf2 Kh7 35. Ke3 Kg6 36. Bd4 h5 37. h3 Re8 38. g4 hxg4 39. hxg4 Rh8 40. Bb6 Rh2 41. Rd1 Nf4 42. Rd2 Rh1 43. Rc2 Ra1 44. Rc8 Rxa3+ 45. Kf2 Nd3+ 46. Ke2 Nxe5 47. Rg8+ Kh6 48. Bd4 f6 49. Rd8 Nxf3 50. Bxf6 Kg6 51. Rd6 Kf7 52. Bb2 Rb3 53. Ba1 Ng1+ 54. Kf2 Nh3+ 55. Ke2 Nf4+ 56. Kd2 Rxb4 0-1

[Event "Kronborg Chess Open IM 2026"]
[Site "Helsingor"]
[Date "2026.05.16"]
[Round "6.10"]
[White "Strom Engdahl, Alexander"]
[Black "Vantorre, Nils"]
[Result "1-0"]
[WhiteElo "2308"]
[BlackElo "2238"]
[WhiteFideId "1741586"]
[BlackFideId "258474"]
[EventDate "2026.05.13"]
[EventType "tourn"]
[EventRounds "9"]
[EventCountry "DEN"]
[SourceTitle "Live v Helsingor Chess Club"]

1. Nf3 Nf6 2. c4 e6 3. Nc3 d5 4. e3 dxc4 5. Bxc4 a6 6. e4 b5 7. Bb3 Bb7 8. e5 Nd5 9. d4 Nxc3 10. bxc3 c5 11. O-O Be7 12. Re1 O-O 13. h4 cxd4 14. cxd4 Nc6 15. d5 exd5 16. h5 Qc8 17. h6 Qg4 18. hxg7 Rfd8 19. Bb2 d4 20. Nxd4 Qxg7 21. Qf3 Na5 22. Qh3 Nxb3 23. axb3 Bc5 24. Rad1 Bxd4 25. Bxd4 Bc8 26. Qh4 Bb7 27. Qh3 Bc8 28. e6 Rxd4 29. Rxd4 Qxd4 30. exf7+ Kf8 31. Qxh7 1-0

[Event "Kronborg Chess Open IM 2026"]
[Site "Helsingor"]
[Date "2026.05.16"]
[Round "7.6"]
[White "Kotyk, Michael"]
[Black "Ragnarsson, Dagur"]
[Result "1/2-1/2"]
[WhiteElo "2240"]
[BlackElo "2391"]
[WhiteFideId "16214501"]
[BlackFideId "2304058"]
[EventDate "2026.05.13"]
[EventType "tourn"]
[EventRounds "9"]
[EventCountry "DEN"]
[SourceTitle "Live v Helsingor Chess Club"]

1. d4 d5 2. c4 e6 3. Nc3 Be7 4. cxd5 exd5 5. Bf4 c6 6. Qc2 g6 7. e3 Bf5 8. Bd3 Bxd3 9. Qxd3 Nf6 10. Nf3 Nbd7 11. Bh6 Ng4 12. Bf4 O-O 13. h3 Ngf6 14. O-O Re8 15. Rab1 a5 16. Bh2 Bf8 17. Ne5 Nxe5 18. dxe5 Nd7 19. f4 Nc5 20. Qc2 Qh4 21. f5 Bh6 22. Nxd5 cxd5 23. Qxc5 Qe4 24. Rbe1 gxf5 25. Bf4 Bg7 26. Rd1 Bxe5 27. Qxd5 Bxf4 28. exf4 Rac8 29. Rf3 Re6 30. Qxa5 Rc2 31. Qd8+ Kg7 32. Qd4+ Qxd4+ 33. Rxd4 Rxb2 34. a3 Rg6 35. Rf2 Rb3 36. Rb4 Rxh3 37. Rxb7 Rxa3 38. Rb5 Rf6 39. Re2 Ra4 40. Rf2 Kg6 41. Rf3 Re6 42. Rg3+ Kf6 43. Rh3 Rxf4 44. Rxh7 Rg4 45. Rb7 Rg7 46. Rxg7 Kxg7 47. Kf2 Kg6 48. Kf3 Ra6 49. Rb8 Ra3+ 50. Kf4 Ra4+ 51. Kf3 Kf6 52. Re8 Ra3+ 53. Kf4 Ra1 54. Kf3 Rf1+ 55. Ke2 Rf4 56. Ke3 Rg4 57. Kf3 Rg7 58. Ra8 Kg5 59. Ra5 Rh7 60. Ra8 Rh6 61. Rf8 Kf6 62. Ra8 Rh1 63. Re8 Rh7 64. Ra8 Rg7 65. Ra6+ Kg5 66. Ra5 Kg6 67. Kf4 Rh7 68. Rxf5 1/2-1/2

[Event "Kronborg Chess Open IM 2026"]
[Site "Helsingor"]
[Date "2026.05.16"]
[Round "7.7"]
[White "Vandenhole, Kobe"]
[Black "Strom Engdahl, Alexander"]
[Result "1-0"]
[WhiteElo "2342"]
[BlackElo "2308"]
[WhiteFideId "268844"]
[BlackFideId "1741586"]
[EventDate "2026.05.13"]
[EventType "tourn"]
[EventRounds "9"]
[EventCountry "DEN"]
[SourceTitle "Live v Helsingor Chess Club"]

1. e4 d6 2. d4 Nf6 3. Nc3 e5 4. Nf3 Nbd7 5. Rg1 c6 6. g4 h6 7. Be3 Be7 8. h4 Nf8 9. Nd2 h5 10. gxh5 Nxh5 11. Nf3 Qc7 12. Bc4 Ne6 13. Qd2 Nef4 14. a4 Be6 15. d5 cxd5 16. Bxd5 Nxd5 17. Nxd5 Bxd5 18. Qxd5 Nf6 19. Qb3 g6 20. Ng5 Rf8 21. O-O-O Qc6 22. Rd3 Nxe4 23. Nxe4 Qxe4 24. Rc3 Rh8 25. Rc4 Qf5 26. Qxb7 Rd8 27. Bxa7 Kf8 28. Bb6 Re8 29. a5 Bxh4 30. a6 Bxf2 31. Rd1 Bxb6 32. Qxb6 Qf3 33. a7 Rh1 34. Qxd6+ Kg7 35. Rc7 Rxd1+ 36. Qxd1 Qe3+ 37. Kb1 Ra8 38. Qf1 Qf4 39. Qa6 Qe4 40. b3 g5 41. Rc8 g4 42. Rxa8 Qxa8 43. Qb6 g3 44. Qb8 Qh1+ 45. Kb2 g2 46. Qxe5+ f6 47. Qg3+ Kf7 48. a8=Q g1=Q 49. Qag8+ 1-0

[Event "Kronborg Chess Open IM 2026"]
[Site "Helsingor"]
[Date "2026.05.16"]
[Round "7.8"]
[White "Sandberg, Lucas"]
[Black "Fuhrmann, Bahne"]
[Result "1/2-1/2"]
[WhiteElo "2325"]
[BlackElo "2254"]
[WhiteFideId "1773712"]
[BlackFideId "16244842"]
[EventDate "2026.05.13"]
[EventType "tourn"]
[EventRounds "9"]
[EventCountry "DEN"]
[SourceTitle "Live v Helsingor Chess Club"]

1. e4 e6 2. Nf3 d5 3. Nc3 Nf6 4. e5 Nfd7 5. d4 c5 6. dxc5 Bxc5 7. Bd3 Nc6 8. Bf4 a6 9. O-O Be7 10. Bg3 Nc5 11. Re1 O-O 12. Ne2 Nxd3 13. Qxd3 b5 14. Ned4 Nxd4 15. Nxd4 Qb6 16. Rad1 b4 17. Bf4 Bd7 18. Qg3 Rfc8 19. Bh6 Bf8 20. h4 Kh8 21. Be3 Qa5 22. h5 h6 23. Qf3 Kg8 24. Qg4 Kh7 25. Bc1 Qxa2 26. Qf3 Be8 27. Re3 Qa5 28. Qg4 Qc7 29. f4 a5 30. f5 exf5 31. Qxf5+ Kh8 32. Rg3 Ra6 33. Bf4 Bc5 34. c3 Qd7 35. Qd3 Qe6 36. Be3 Bxd4 37. Bxd4 Bd7 38. Rf1 b3 39. Qe3 a4 40. Rf6 a3 41. Rxe6 Bxe6 42. Qc1 a2 43. Qa1 Kg8 44. Kf2 Rc7 45. Ke3 Bf5 46. Kd2 Bb1 47. Rf3 Rcc6 1/2-1/2

[Event "Kronborg Chess Open IM 2026"]
[Site "Helsingor"]
[Date "2026.05.16"]
[Round "7.9"]
[White "Jalving, August"]
[Black "Lucas, Arthur"]
[Result "1/2-1/2"]
[WhiteElo "2296"]
[BlackElo "2329"]
[WhiteFideId "1471759"]
[BlackFideId "26093073"]
[EventDate "2026.05.13"]
[EventType "tourn"]
[EventRounds "9"]
[EventCountry "DEN"]
[SourceTitle "Live v Helsingor Chess Club"]

1. e4 c5 2. Nf3 Nc6 3. d4 cxd4 4. Nxd4 Nf6 5. Nc3 e6 6. Ndb5 Bb4 7. a3 Bxc3+ 8. Nxc3 d5 9. exd5 exd5 10. Bd3 O-O 11. O-O Bg4 12. f3 Bh5 13. Kh1 d4 14. Ne2 Qb6 15. b4 Rad8 16. Bg5 Ne5 17. Nf4 Bg6 18. Nxg6 hxg6 19. Re1 Rd5 20. Bxf6 gxf6 21. Be4 Rdd8 22. f4 Nc4 23. Qd3 Ne3 24. Bxg6 fxg6 25. Qxg6+ Kh8 26. Qh6+ Kg8 27. Qg6+ Kh8 28. Qh6+ Kg8 29. Qg6+ 1/2-1/2

[Event "Kronborg Chess Open IM 2026"]
[Site "Helsingor"]
[Date "2026.05.16"]
[Round "7.10"]
[White "Vantorre, Nils"]
[Black "Falkevall, Axel"]
[Result "0-1"]
[WhiteElo "2238"]
[BlackElo "2371"]
[WhiteFideId "258474"]
[BlackFideId "1735560"]
[EventDate "2026.05.13"]
[EventType "tourn"]
[EventRounds "9"]
[EventCountry "DEN"]
[SourceTitle "Live v Helsingor Chess Club"]

1. e4 e5 2. Nf3 Nc6 3. Bc4 Nf6 4. d3 Bc5 5. Bg5 h6 6. Bh4 g5 7. Bg3 d6 8. c3 Qe7 9. Nbd2 a5 10. O-O Ba7 11. d4 Bd7 12. dxe5 Nxe5 13. Nxe5 dxe5 14. Nf3 O-O-O 15. Nxe5 h5 16. Nxf7 Bc6 17. Qe2 Nxe4 18. Nxd8 Rxd8 19. Qxh5 Nxg3 20. Qg4+ Kb8 21. Qxg3 Rd2 22. Kh1 Qe4 23. Bf7 Bc5 24. Bh5 Qh7 25. Qxg5 Rd5 26. Qg6 Rxh5 27. Qxh7 Rxh7 28. f3 Bd6 29. f4 Rh4 30. Kg1 Bc5+ 31. Kh1 Rg4 0-1

[Event "Kronborg Chess Open IM 2026"]
[Site "Helsingor"]
[Date "2026.05.17"]
[Round "8.6"]
[White "Ragnarsson, Dagur"]
[Black "Vantorre, Nils"]
[Result "1/2-1/2"]
[WhiteElo "2391"]
[BlackElo "2238"]
[WhiteFideId "2304058"]
[BlackFideId "258474"]
[EventDate "2026.05.13"]
[EventType "tourn"]
[EventRounds "9"]
[EventCountry "DEN"]
[SourceTitle "Live v Helsingor Chess Club"]

1. Nf3 Nf6 2. g3 e6 3. Bg2 d5 4. O-O Be7 5. d3 Nc6 6. d4 O-O 7. Nbd2 a5 8. c3 Bd6 9. c4 a4 10. Re1 Ne4 11. Nxe4 dxe4 12. Ng5 Be7 13. Nxe4 Qxd4 14. Qxd4 Nxd4 15. Rb1 e5 16. e3 Nc2 17. Re2 Nb4 18. Nc3 Bf5 19. e4 Be6 20. Nd5 Bc5 21. Be3 Bxe3 22. Rxe3 Na6 23. Ra3 c6 24. Nb6 Rad8 25. Nxa4 Bxc4 26. Rc1 Rd4 27. Bf1 Bxf1 28. Kxf1 Rxe4 29. Nc5 Nxc5 30. Rxc5 f6 31. Rb3 Rf7 32. Ra5 g6 33. Ra8+ Kg7 34. Rb8 Ra4 35. R8xb7 Rxa2 36. Ke2 Ra5 37. R7b6 Rc5 38. Rc3 Rxc3 39. bxc3 Rc7 40. Kd3 Kf7 41. Kc4 Ke7 42. Kc5 Kd7 43. Ra6 f5 44. c4 e4 45. Ra8 Rb7 46. Ra2 Kc7 47. h4 Kd7 48. Rd2+ Kc7 49. Ra2 Kd7 50. Rd2+ Kc7 51. Ra2 Kd7 1/2-1/2

[Event "Kronborg Chess Open IM 2026"]
[Site "Helsingor"]
[Date "2026.05.17"]
[Round "8.7"]
[White "Fuhrmann, Bahne"]
[Black "Kotyk, Michael"]
[Result "1/2-1/2"]
[WhiteElo "2254"]
[BlackElo "2240"]
[WhiteFideId "16244842"]
[BlackFideId "16214501"]
[EventDate "2026.05.13"]
[EventType "tourn"]
[EventRounds "9"]
[EventCountry "DEN"]
[SourceTitle "Live v Helsingor Chess Club"]

1. Nf3 Nf6 2. d4 e6 3. c4 d5 4. g3 Bb4+ 5. Bd2 Be7 6. Bg2 O-O 7. O-O c6 8. Qc2 b6 9. Rd1 Bb7 10. Ne5 Nbd7 11. Bf4 Nh5 12. Bd2 Nhf6 13. Bf4 Nh5 14. Bd2 Nhf6 15. Bf4 Nh5 16. Bd2 Nhf6 17. Bf4 1/2-1/2

[Event "Kronborg Chess Open IM 2026"]
[Site "Helsingor"]
[Date "2026.05.17"]
[Round "8.8"]
[White "Lucas, Arthur"]
[Black "Sandberg, Lucas"]
[Result "1-0"]
[WhiteElo "2329"]
[BlackElo "2325"]
[WhiteFideId "26093073"]
[BlackFideId "1773712"]
[EventDate "2026.05.13"]
[EventType "tourn"]
[EventRounds "9"]
[EventCountry "DEN"]
[SourceTitle "Live v Helsingor Chess Club"]

1. e4 e6 2. d4 d5 3. Nc3 dxe4 4. Nxe4 Nf6 5. Nxf6+ gxf6 6. Be3 Nc6 7. Nf3 Ne7 8. Bd3 Bd7 9. Qe2 Bc6 10. O-O-O Qd7 11. Kb1 O-O-O 12. c4 Kb8 13. Rhe1 Qc8 14. Bd2 Rg8 15. g3 h5 16. Bc3 Ng6 17. h4 Bg7 18. d5 exd5 19. Nd4 Bd7 20. cxd5 Ne5 21. Be4 Ka8 22. Qc2 Rge8 23. Ba5 Kb8 24. Rc1 b6 25. Bb4 Bf8 26. Bxf8 Rxf8 27. Re3 Qb7 28. Rc3 Rc8 29. f4 Ng4 30. d6 c6 31. Nxc6+ Bxc6 32. Bxc6 Qa6 33. Ra3 1-0

[Event "Kronborg Chess Open IM 2026"]
[Site "Helsingor"]
[Date "2026.05.17"]
[Round "8.9"]
[White "Vandenhole, Kobe"]
[Black "Jalving, August"]
[Result "0-1"]
[WhiteElo "2342"]
[BlackElo "2296"]
[WhiteFideId "268844"]
[BlackFideId "1471759"]
[EventDate "2026.05.13"]
[EventType "tourn"]
[EventRounds "9"]
[EventCountry "DEN"]
[SourceTitle "Live v Helsingor Chess Club"]

1. e4 c5 2. d4 cxd4 3. Qxd4 Nc6 4. Qd3 Nf6 5. Nc3 g6 6. Nf3 Bg7 7. Be2 O-O 8. Nd5 d6 9. O-O Bg4 10. c3 Nd7 11. Bg5 h6 12. Bh4 g5 13. Bg3 Nc5 14. Qe3 e6 15. Nb4 f5 16. exf5 exf5 17. Bc4+ Kh7 18. Nxc6 bxc6 19. Bxd6 Qxd6 20. Rad1 f4 21. Qe2 Qf6 22. Qc2+ Bf5 23. Qc1 Rad8 24. Nd4 Kh8 25. Rfe1 Rfe8 26. Rxe8+ Rxe8 27. b4 Ne4 28. Bd3 Bh7 29. h3 Rd8 30. Bxe4 Bxe4 31. Re1 Bd5 32. Qa3 Qf7 33. Qa5 Re8 34. Rd1 f3 35. c4 Bxd4 36. cxd5 fxg2 37. Rxd4 Qf3 38. b5 Qxh3 0-1

[Event "Kronborg Chess Open IM 2026"]
[Site "Helsingor"]
[Date "2026.05.17"]
[Round "8.10"]
[White "Strom Engdahl, Alexander"]
[Black "Falkevall, Axel"]
[Result "1-0"]
[WhiteElo "2308"]
[BlackElo "2371"]
[WhiteFideId "1741586"]
[BlackFideId "1735560"]
[EventDate "2026.05.13"]
[EventType "tourn"]
[EventRounds "9"]
[EventCountry "DEN"]
[SourceTitle "Live v Helsingor Chess Club"]

1. Nf3 Nf6 2. c4 g6 3. g3 Bg7 4. Bg2 O-O 5. O-O d6 6. Nc3 c6 7. d3 a5 8. e4 e5 9. h3 Na6 10. Re1 Nd7 11. Rb1 f5 12. d4 exd4 13. Nxd4 Ne5 14. exf5 gxf5 15. b3 Nc5 16. Nce2 Ned3 17. Rf1 Nxc1 18. Rxc1 Qf6 19. Nf3 Bd7 20. Nf4 Bh6 21. Rc2 Bxf4 22. gxf4 Ne4 23. Qd4 Qh6 24. Ng5 Rf6 25. Kh2 Re8 26. Rg1 Rg6 27. Re2 Qh4 28. Bxe4 Qxf4+ 29. Rg3 fxe4 30. Rxe4 Qf5 31. Rf4 Qe5 32. Qxe5 dxe5 33. Rf7 Rd8 34. Re7 c5 35. Nxh7 Rxg3 36. Kxg3 Bc6 37. Nf6+ Kf8 38. Rxe5 Rd3+ 39. Kg4 Kf7 40. Ne4 Bxe4 41. Rxe4 Rd2 42. a4 Kf6 43. Re3 Rd4+ 44. Kg3 Rd1 45. Kg2 Rd4 46. Kg3 Rd1 47. h4 Rg1+ 48. Kf4 Rh1 49. Kg4 Rd1 50. Rh3 Rd4+ 51. Kg3 Kg6 52. h5+ Kh6 53. f4 Rd1 54. Kg4 Re1 55. Kf5 Re8 56. Kf6 Rf8+ 57. Ke5 Re8+ 58. Kd5 Rf8 59. Kxc5 Rxf4 60. Kb6 1-0

[Event "Kronborg Chess Open IM 2026"]
[Site "Helsingor"]
[Date "2026.05.17"]
[Round "9.6"]
[White "Falkevall, Axel"]
[Black "Ragnarsson, Dagur"]
[Result "1/2-1/2"]
[WhiteElo "2371"]
[BlackElo "2391"]
[WhiteFideId "1735560"]
[BlackFideId "2304058"]
[EventDate "2026.05.13"]
[EventType "tourn"]
[EventRounds "9"]
[EventCountry "DEN"]
[SourceTitle "Live v Helsingor Chess Club"]

1. Nf3 d5 2. g3 Nf6 3. Bg2 e6 4. O-O Be7 5. d3 O-O 6. Nbd2 c5 7. e4 Nc6 8. Re1 dxe4 9. dxe4 e5 10. c3 Be6 11. Qe2 Qc7 12. Nh4 g6 13. Nc4 Rfe8 14. Bg5 Kg7 15. Ne3 h6 16. Bxf6+ Bxf6 17. Nf3 Rad8 18. h4 h5 19. Nd2 Ne7 20. a4 Kg8 21. Ndc4 Bg7 22. Red1 Bh6 23. Rxd8 Rxd8 24. Rd1 Bxe3 25. Nxe3 Rxd1+ 26. Qxd1 Qd7 27. Qc2 Nc8 28. f4 Nd6 29. fxe5 Nc4 30. Nxc4 Bxc4 31. Qf2 1/2-1/2